A practical handbook on: (Record no. 193294)

MARC details
000 -LEADER
fixed length control field 00555nam a22001817a 4500
005 - DATE AND TIME OF LATEST TRANSACTION
control field 20221212171813.0
010 ## - LCCN (DPL NO)
LC control number ENG-135505
020 ## - INTERNATIONAL STANDARD BOOK NUMBER
Terms of availability 495.00
International Standard Book Number 9789382524434
035 ## - SYSTEM CONTROL NUMBER
System control number EN-119037
037 ## - SOURCE OF ACQUISITION
Source of stock number/acquisition DBAD/PUB
082 ## - DEWEY DECIMAL CLASSIFICATION NUMBER
Classification number 720
100 ## - MAIN ENTRY--PERSONAL NAME
Personal name Roy, S.C. Basu
245 ## - TITLE STATEMENT
Title A practical handbook on:
Remainder of title real estate apartment/
Statement of responsibility, etc by S.C. Basu Roy
260 ## - PUBLICATION, DISTRIBUTION, ETC. (IMPRINT)
Place of publication, distribution, etc New delhi
Name of publisher, distributor, etc the book line
Date of publication, distribution, etc 2017
270 ## - ADDRESS
Address 106, 4787/23, 1st floor, ansari road darya ganj
City new delhi
Postal code 110002
300 ## - PHYSICAL DESCRIPTION
Extent 212p.
Dimensions 22cm(pbk)
942 ## - ADDED ENTRY ELEMENTS (KOHA)
Source of classification or shelving scheme Dewey Decimal Classification
Item type English Books
Call number suffix ROY
Classification part 720
Holdings
Withdrawn status Lost status Not for loan Collection code Home library Current library Date acquired Source of acquisition Cost, normal purchase price Full call number Barcode Copy number Cost, replacement price Koha item type
      Non-fiction Andrews Gunj Andrews Gunj 19/10/2022 DBAD/PUB 495.00 720 ROY EN-119037 1 495.00 English Books

© Delhi Public Library
Hit Counter
free hit counter